भारतीय साहित्य कोश / (Record no. 12426)

MARC details
000 -LEADER
fixed length control field 05602 a2200457 4500
005 - DATE AND TIME OF LATEST TRANSACTION
control field 20090513122748.0
008 - FIXED-LENGTH DATA ELEMENTS--GENERAL INFORMATION
fixed length control field 090513t xxu||||| |||| 00| 0 hin d
010 ## - LCCN (DPL NO)
LC control number B-301811-825
020 ## - INTERNATIONAL STANDARD BOOK NUMBER
International Standard Book Number 817453279x
Terms of availability 7500.00(सम्पूर्ण सैट)
035 ## - SYSTEM CONTROL NUMBER
System control number B-301811-825
037 ## - SOURCE OF ACQUISITION
Source of stock number/acquisition संजय प्रकाशन
040 ## - CATALOGING SOURCE
Original cataloging agency dpl
Language of cataloging hn
082 ## - DEWEY DECIMAL CLASSIFICATION NUMBER
Classification number 891.403
245 ## - TITLE STATEMENT
Title भारतीय साहित्य कोश /
Statement of responsibility, etc सुरेश गौतम तथा वीणा गौतम द्वारा संपादित
260 ## - PUBLICATION, DISTRIBUTION, ETC. (IMPRINT)
Place of publication, distribution, etc नई दिल्ली
Name of publisher, distributor, etc संजय प्रकाशन
Date of publication, distribution, etc 2008
270 ## - ADDRESS
Address 4378/4बी,209,जे.एम.डी.हाउस, गली मुरारी लाल, अंसारी रोड, दरियागंज
City दिल्ली
Postal code 110002
300 ## - PHYSICAL DESCRIPTION
Extent xxi,698पृ.
Dimensions 25सेमी (सजिल्द)
300 ## - PHYSICAL DESCRIPTION
Extent xxi,662पृ.
Other physical details 25सेमी (सजिल्द)
300 ## - PHYSICAL DESCRIPTION
Extent xxi,716पृ.
Other physical details 25सेमी (सजिल्द)
490 ## - SERIES STATEMENT
Volume number/sequential designation भा-1
490 ## - SERIES STATEMENT
Volume number/sequential designation भा-2
490 ## - SERIES STATEMENT
Volume number/sequential designation भा-3
700 ## - ADDED ENTRY--PERSONAL NAME
Personal name गौतम, सुरेश तथा गौतम, वीणा
942 ## - ADDED ENTRY ELEMENTS (KOHA)
Institution code [OBSOLETE] dpl
Item type Hindi Books
Call number prefix / भारती
Source of classification or shelving scheme Dewey Decimal Classification
Classification part 891.403
Call number suffix भारती
Holdings
Withdrawn status Lost status Source of classification or shelving scheme Materials specified (bound volume or other part) Damaged status Not for loan Collection code Home library Current library Date acquired Source of acquisition Cost, normal purchase price Total Checkouts Full call number Barcode Date last seen Copy number Cost, replacement price Koha item type Public note
    Dewey Decimal Classification भा-1     Non-fiction Central Library Central Library 13/05/2009 संजय प्रकाशन/717/27.9.08/487/4.9.08/8.10.08 7500.00   891.403 भारती B-301811 13/05/2009 1 7500.00 Reference Books भा-1
    Dewey Decimal Classification भा-2     Non-fiction Central Library Central Library 13/05/2009 संजय प्रकाशन/717/27.9.08/487/4.9.08/8.10.08 7500.00   891.403 भारती B-301812 13/05/2009 1 7500.00 Reference Books भा-2
    Dewey Decimal Classification भा-3     Non-fiction Central Library Central Library 13/05/2009 संजय प्रकाशन/717/27.9.08/487/4.9.08/8.10.08 7500.00   891.403 भारती B-301813 13/05/2009 1 7500.00 Reference Books भा-3
    Dewey Decimal Classification भा-1     Non-fiction Karol Bagh Karol Bagh 13/05/2009 संजय प्रकाशन/717/27.9.08/487/4.9.08/8.10.08 7500.00   891.403 भारती B-301820 13/05/2009 1 7500.00 Reference Books भा-1
    Dewey Decimal Classification भा-2     Non-fiction Karol Bagh Karol Bagh 13/05/2009 संजय प्रकाशन/717/27.9.08/487/4.9.08/8.10.08 7500.00   891.403 भारती B-301821 13/05/2009 1 7500.00 Reference Books भा-2
    Dewey Decimal Classification भा-3     Non-fiction Karol Bagh Karol Bagh 13/05/2009 संजय प्रकाशन/717/27.9.08/487/4.9.08/8.10.08 7500.00   891.403 भारती B-301822 13/05/2009 1 7500.00 Reference Books भा-3
    Dewey Decimal Classification भा-1     Non-fiction Patel Nagar Patel Nagar 13/05/2009 संजय प्रकाशन/717/27.9.08/487/4.9.08/8.10.08 7500.00   891.403 भारती B-301814 13/05/2009 1 7500.00 Reference Books भा-1
    Dewey Decimal Classification भा-2     Non-fiction Patel Nagar Patel Nagar 13/05/2009 संजय प्रकाशन/717/27.9.08/487/4.9.08/8.10.08 7500.00   891.403 भारती B-301815 13/05/2009 1 7500.00 Reference Books भा-2
    Dewey Decimal Classification भा-3     Non-fiction Patel Nagar Patel Nagar 13/05/2009 संजय प्रकाशन/717/27.9.08/487/4.9.08/8.10.08 7500.00   891.403 भारती B-301816 13/05/2009 1 7500.00 Reference Books भा-3
    Dewey Decimal Classification भा-1     Non-fiction Sarojini Nagar Sarojini Nagar 13/05/2009 संजय प्रकाशन/717/27.9.08/487/4.9.08/8.10.08 7500.00 1 891.403 भारती B-301817 24/01/2019 1 7500.00 Hindi Books भा-1
    Dewey Decimal Classification भा-2     Non-fiction Sarojini Nagar Sarojini Nagar 13/05/2009 संजय प्रकाशन/717/27.9.08/487/4.9.08/8.10.08 7500.00 1 891.403 भारती B-301818 24/01/2019 1 7500.00 Hindi Books भा-2
    Dewey Decimal Classification भा-3     Non-fiction Shahdara Branch Shahdara Branch 13/05/2009 संजय प्रकाशन/717/27.9.08/487/4.9.08/8.10.08 7500.00   891.403 भारती B-301825 13/05/2009 1 7500.00 Reference Books भा-3
    Dewey Decimal Classification भा-2     Non-fiction Shahdara Branch Shahdara Branch 13/05/2009 संजय प्रकाशन/717/27.9.08/487/4.9.08/8.10.08 7500.00   891.403 भारती B-301824 13/05/2009 1 7500.00 Reference Books भा-2
    Dewey Decimal Classification भा-1     Non-fiction Shahdara Branch Shahdara Branch 13/05/2009 संजय प्रकाशन/717/27.9.08/487/4.9.08/8.10.08 7500.00   891.403 भारती B-301823 13/05/2009 1 7500.00 Reference Books भा-1
    Dewey Decimal Classification भा-3     Non-fiction South Zone Lib (REF) South Zone Lib (REF) 13/05/2009 संजय प्रकाशन/717/27.9.08/487/4.9.08/8.10.08 7500.00   891.403 भारती B-301819 13/05/2009 1 7500.00 Reference Books भा-3

© Delhi Public Library
Hit Counter
free hit counter